مكتبة جامعة عجلون الوطنية

فهرس بحث المكتبة

Normal view MARC view
  • نمور، محمد سعيد

Entry Personal Name

Number of records used in: 1

001 - CONTROL NUMBER

  • control field: 25134

003 - CONTROL NUMBER IDENTIFIER

  • control field: JO-AjAnu

005 - DATE AND TIME OF LATEST TRANSACTION

  • control field: 20230606074311.0

008 - FIXED-LENGTH DATA ELEMENTS

  • fixed length control field: 230606|| aca||aabn | a|a d

040 ## - CATALOGING SOURCE

  • Original cataloging agency: JO-AjAnu
  • Transcribing agency: JO-AjAnu

100 ## - HEADING--PERSONAL NAME

  • Personal name: نمور، محمد سعيد

670 ## - SOURCE DATA FOUND

  • Source citation: Work cat.: (JO-AjAnu)12929: نمور، محمد سعيد, author, دراسات في فقه القانون الجنائي : دراسة في الخطوة الإجرامية ، وقف التنفيذ ، تعدد الجرائم ، الظروف المخففة للعقوبة ، التدخل في الجريمة ، الفاعل المعنوي للجريمة ، إعادة المحاكمة